家計調査(品目別ランキング)において突出したデータのある都市 - Statistics

General Stats
  • This quiz has been taken 106 times
  • The average score is 12 of 43
Answer Stats
品目 1位 消費量/額 2位 消費量/額 % Correct
生うどん・そば 高松市 20321 和歌山市 14002
93%
かき 広島市 1107 札幌市 873
68%
カステラ(円) 長崎市 4103 津市 1100
64%
ぶどう 甲府市 4409 盛岡市 3084
63%
しゅうまい(円) 横浜市 2229 川崎市 1775
63%
緑茶 静岡市 1828 浜松市 1298
59%
しじみ 松江市 1557 水戸市 686
54%
かつお 高知市 4182 福島市 1647
53%
梅干し 和歌山市 1372 那覇市 894
53%
鳥取市 10254 富山市 6249
46%
ぶり 富山市 4115 金沢市 3040
43%
ほたて貝 青森市 2848 札幌市 1196
41%
福島市 12573 甲府市 4587
39%
まぐろ 静岡市 4120 前橋市 3134
35%
外食/日本そば・うどん(円) 高松市 13319 静岡市 8019
35%
メロン 札幌市 4511 水戸市 3665
34%
焼酎(ml) 宮崎市 17617 大分市 12971
34%
喫茶代 岐阜市 13589 名古屋市 10512
31%
かに 鳥取市 1858 相模原市 1081
28%
かまぼこ(円) 仙台市 8170 長崎市 6253
26%
ウイスキー(ml) 札幌市 3987 仙台市 2952
24%
バス代 長崎市 7437 川崎市 5821
21%
揚げかまぼこ(円) 鹿児島市 6524 長崎市 3820
19%
岐阜市 7310 鳥取市 4583
14%
食塩 山形市 3590 福島市 2563
14%
発泡酒・ビール風アルコール飲料(L) 高知市 50.68 青森市 41.03
11%
あじ 長崎市 2352 山口市 1827
10%
塩さけ 新潟市 3308 盛岡市 2665
10%
いわし 鳥取市 1309 北九州市 966
8%
こんにゃく(円) 山形市 3311 青森市 2552
8%
小麦粉 長野市 3773 前橋市 3059
6%
かれい 鳥取市 3308 秋田市 1877
6%
油揚げ・がんもどき(円) 福井市 5626 富山市 4504
6%
こんぶつくだ煮 福井市 1052 山形市 874
6%
ハンバーグ(円) 那覇市 2621 浜松市 2128
6%
さつまいも 徳島市 5035 大津市 3654
5%
たけのこ 山形市 2333 新潟市 1096
5%
外食/和食(円) 岐阜市 39596 佐賀市 29260
5%
かつお節・削り節 那覇市 886 浜松市 309
4%
魚介の缶詰 那覇市 5402 新潟市 3963
4%
粉ミルク(円) 大阪市 1711 高知市 1408
4%
ゼリー(円) 盛岡市 3184 秋田市 2598
4%
外食/焼肉(円) 高知市 12033 大分市 9377
4%
No matching quizzes found
Score Distribution
Percent of People with Each Score
Percentile by Number Answered
Your Score History
You have not taken this quiz